10 Countries That Border France Quiz Stats

 Plays Quiz Updated Nov 8, 2017

Score 0/10 Timer 02:00
2 Plays Today
% Correct
Germany
96.3%
Belgium
96.2%
Spain
95.3%
Luxembourg
93.6%
Switzerland
93.3%
Monaco
90.8%
Italy
89.6%
Andorra
87.2%
Suriname
45.8%
Brazil
41.3%

You're not logged in!

Compare scores with friends on all Sporcle quizzes.
OR
Log In

Show Comments

Extras

Top Quizzes Today


Score Distribution

Your Account Isn't Verified!

In order to create a playlist on Sporcle, you need to verify the email address you used during registration. Go to your Sporcle Settings to finish the process.

Report this User

Report this user for behavior that violates our Community Guidelines.

Details: